Statistics for Spot the Difference - Asia Map

Click here to take the quiz!

General Stats

  • This quiz has been taken 451 times
  • The average score is 5 of 8

Answers on the Map

Answers color-coded by a green-red scale on the quiz's map according to % correct below.
 

Answer Stats

Country% Correct
Japan
87%
Malaysia
83%
China
79%
Yemen
71%
Mongolia
70%
Kazakhstan
67%
Cyprus
45%
Sri Lanka
40%

Score Distribution

Percentile by Number Answered

Percent of People with Each Score

Your Score History

You have not taken this quiz